00535nam a2200181 4500020001800000082001600018100001700034245004000051260003300091300001000124650002500134650002200159650002500181650001500206942000700221999001900228952010600247 a9789370984875 aM803bVIN/K aVinoy Thomas aKallakadathukalam/cby Vinoy Thomas aKottayam:bD C Books,c2025. a126p. aMemoirs Vinoy Thomas aMemoirs Malayalam aLiterature Malayalam aLiterature cBK c181586d181586 00104070aSSUSbSSUScSTACKSd2026-05-18g180.00l0oM803 VIN/Kp108582r2026-05-18w2026-05-18yBK